logo

Bir Sreshtho Munshi Abdur Rouf Library
Jhenaidah Cadet College

Questions and Answers on English Constitution / (Record no. 14044)

MARC details
000 -LEADER
fixed length control field 00621cam a22002171a 4500
001 - CONTROL NUMBER
JCCL Control Number 14044
003 - CONTROL NUMBER IDENTIFIER
JCCL marc code BD-JhCC
005 - DATE AND TIME OF LATEST TRANSACTION
control field 20240525165606.0
008 - FIXED-LENGTH DATA ELEMENTS--GENERAL INFORMATION
fixed length control field 080308s1968 ii b a 000 0 eng
035 ## - SYSTEM CONTROL NUMBER
system control number (BD-JhCC)14044
040 ## - CATALOGING SOURCE
Modifying agency BD-JhCC
Original cataloging agency BD-JhCC
041 ## - LANGUAGE CODE
Language code of Book eng
082 ## - DEWEY DECIMAL CLASSIFICATION NUMBER
Author mark and Year BOS1961
Classification number 342.73
100 1# - MAIN ENTRY--PERSONAL NAME
Personal name Bose,D.
245 14 - TITLE STATEMENT
Title Questions and Answers on English Constitution /
Statement of responsibility, etc D. Bose
260 ## - PUBLICATION, DISTRIBUTION, ETC. (IMPRINT)
Place of publication, distribution, etc Calcutta :
Name of publisher, distributor, etc S. C. Sarkar & Sons Private Ltd;
Date of publication, distribution, etc 1961.
300 ## - PHYSICAL DESCRIPTION
Pagination 212 p. :
Dimensions 21 cm.
650 #0 - SUBJECT ADDED ENTRY--TOPICAL TERM
Topical term or geographic name as entry element Constitutional history
Geographic subdivision United States.
650 #0 - SUBJECT ADDED ENTRY--TOPICAL TERM
Topical term or geographic name as entry element Constitutional law
Geographic subdivision United Kingdom.
942 ## - ADDED ENTRY ELEMENTS (KOHA)
Source of classification or shelving scheme Dewey Decimal Classification
Koha item type Books
Holdings
Source of classification or shelving scheme Damaged status Not for loan Home library Current library Shelving location Date of accession Cost, normal purchase price Total Checkouts Full call number Barcode Date last seen Copy number Method of acquisition Koha item type Currency
Dewey Decimal Classification     JCC Rouf Library JCC Rouf Library General Stacks   3.00   BOS1961 342.73 12147 05/25/2024 C-1 Purchase Books BDT

JCC Library | Contacts | JCC Home

Last Update on 23 September 2017
Copyright @ 2017-2020 JCC Rouf Library
Rouf Library, Jhenidah Cadet College (JCC), Bangladesh